000 00681nam a2200253Ia 4500
003 OSt
005 20220918223809.0
006 a|||||r|||| 00| 0
007 ta
008 220917b |||||||| |||| 00| 0 eng d
024 _a225,172
037 _cTextual
040 _aARTS
_cARTS
_beng
041 _2eng
_aeng
082 _aO111,1L72w, N3
100 _aTilak Raghkul
_9146669
245 0 _aSamuel Taylor Coleridge
_b Biographia literaria
250 _a13th Ed.
260 _aNew Delhi
_bRama Brothers
_c1993
300 _a212p.
_ccm.
490 _aFYUP DC-1 ENG
942 _hO111,1L72w, N3
_cTEXL
_2CC
999 _c279488
_d279488